|
|
|
|
| LEADER |
00873nam a22002051 4500 |
| 001 |
c000197633 |
| 003 |
CARM |
| 005 |
20021125001800.0 |
| 008 |
851003s1827 enk 0 eng d |
| 019 |
1 |
|
|a 3987940
|
| 100 |
1 |
|
|a Lodge, Edmund,
|d 1756-1839.
|
| 245 |
1 |
0 |
|a Life of Sir Julius Caesar, Knt :
|b judge of the High Court of Admiralty, Master of the Rolls, Chancellor of the Exchequer, and a privy councellor to kings James, and Charles, the First; with memoirs of his family and descendants.
|
| 260 |
|
|
|a London :
|b John Hatchard,
|c 1827.
|
| 500 |
|
|
|a Includes Numerus infaustus by Charles Caesar.
|
| 600 |
0 |
0 |
|a Caesar,
|c Sir Julius,
|d 1557-1636.
|
| 651 |
|
0 |
|a Great Britain
|x History
|y Stuarts, 1603-1714.
|
| 700 |
1 |
|
|a Caesar, Charles,
|d 1636-1707.
|
| 740 |
0 |
|
|a Numerus infaustus.
|
| 082 |
0 |
4 |
|a 942.06
|
| 999 |
f |
f |
|i 66611d01-05d3-5df0-b8bb-5e3a883f6b44
|s 9eb9b29c-9f54-54ea-a58c-8a0db8107afb
|